Analýza obchodných praktík humanitárneho kompenzačného programu OSN "Ropa za potraviny"

Nesprávne a nedostatočné využitie možností humanitárnej pomoci "Ropa za potraviny". Exportná a importná stránka programu Ropa za potraviny.

Gespeichert in:
Bibliographische Detailangaben
1. Verfasser: Svobodová, Valéria
Format: Buchkapitel
Sprache:Slowakisch
Schlagworte:
Tags: Tag hinzufügen
Keine Tags, Fügen Sie das erste Tag hinzu!

MARC

LEADER 00000naa$a2200000$$$4500
001 0065551
005 20240502071757.0
041 0 |a slo 
044 |a SK 
245 1 0 |a Analýza obchodných praktík humanitárneho kompenzačného programu OSN "Ropa za potraviny"  |c Valéria Svobodová 
520 |a Nesprávne a nedostatočné využitie možností humanitárnej pomoci "Ropa za potraviny". Exportná a importná stránka programu Ropa za potraviny. 
610 2 0 |a politika medzinárodná 
610 2 0 |a spolupráca hospodárska medzinárodná 
610 2 0 |a Irak 
610 2 0 |a ropa 
610 2 0 |a potraviny 
610 2 0 |a pomoc medzinárodná 
100 1 |a Svobodová, Valéria